Diego de Borgraf (Record no. 79)
[ view plain ]
| 000 -CABECERA | |
|---|---|
| campo de control de longitud fija | 01475nam a2200301 a 4500 |
| 001 - NÚMERO DE CONTROL | |
| campo de control | BRCA_92 |
| 003 - IDENTIFICADOR DEL NÚMERO DE CONTROL | |
| campo de control | FranzMayer |
| 005 - FECHA Y HORA DE LA ÚLTIMA TRANSACCIÓN | |
| campo de control | 20230918131349.0 |
| 008 - DATOS DE LONGITUD FIJA--INFORMACIÓN GENERAL | |
| campo de control de longitud fija | 010906s2000 mx-a---##b---#000-0#spa-# |
| 020 ## - NÚMERO INTERNACIONAL ESTÁNDAR DEL LIBRO | |
| Número Internacional Estándar del Libro | 9687507586 |
| 040 ## - FUENTE DE LA CATALOGACIÓN | |
| Centro catalogador/agencia de origen | DLC |
| Centro/agencia transcriptor | DLC |
| 041 ## - CÓDIGO DE LENGUA | |
| Código de lengua del texto/banda sonora o título independiente | spa |
| 044 ## - CÓDIGO DEL PAÍS DE LA ENTIDAD EDITORA/PRODUCTORA | |
| Código MARC del país | mx |
| 050 #4 - SIGNATURA TOPOGRÁFICA DE LA BIBLIOTECA DEL CONGRESO | |
| Número de clasificación | ND813.B6 |
| Número de documento/Ítem | .R63 2000 |
| 100 1# - ENTRADA PRINCIPAL--NOMBRE DE PERSONA | |
| Nombre de persona | Rodríguez-Miaja, Fernando Edmundo |
| Fechas asociadas al nombre | 1952- |
| 9 (RLIN) | 352 |
| 245 10 - MENCIÓN DE TÍTULO | |
| Título | Diego de Borgraf |
| Resto del título | un destello en la noche de los tiempos : obra pictórica |
| Mención de responsabilidad, etc. | Fernando E. Rodríguez-Miaja ; presentación Elisa Vargaslugo. |
| 260 ## - PUBLICACIÓN, DISTRIBUCIÓN, ETC. | |
| Lugar de publicación, distribución, etc. | Puebla |
| Nombre del editor, distribuidor, etc. | Patronato Editorial para la Cultura, Arte e Historia de Puebla |
| Fecha de publicación, distribución, etc. | 2000 |
| 300 ## - DESCRIPCIÓN FÍSICA | |
| Extensión | 733 p. |
| Otras características físicas | il. (algunas a color) |
| Dimensiones | 32 cm. |
| 500 ## - NOTA GENERAL | |
| Nota general | Un ejemplar en Anexo 1 |
| 500 ## - NOTA GENERAL | |
| Nota general | Apéndices: Cronología general del ´Corpus´ de obras de Diego de Borgraf. Ecos de Flandes en la Nueva España. Consideraciones sobre el comercio de arte flamenco. Nómina de pintores flamencos. Sintesis biográfica de algunos artistas flamencos del siglo XVII. Cronología de eventos relevantes del siglo XVII |
| 500 ## - NOTA GENERAL | |
| Nota general | Catálogo de la exposición realizada en el Museo Franz Mayer (Ciudad de México), 18 enero - 25 febrero, 2001 |
| 504 ## - NOTA DE BIBLIOGRAFÍA, ETC. | |
| Nota de bibliografía, etc. | Bibliografía: p. 693-733 |
| 600 14 - PUNTO DE ACCESO ADICIONAL DE MATERIA--NOMBRE DE PERSONA | |
| Nombre de persona | Borgraf, Diego de |
| Fechas asociadas al nombre | ca. 1618-1686 |
| Subdivisión general | Crítica e interpretación |
| 9 (RLIN) | 353 |
| 600 14 - PUNTO DE ACCESO ADICIONAL DE MATERIA--NOMBRE DE PERSONA | |
| Nombre de persona | Borgraf, Diego de |
| Fechas asociadas al nombre | ca. 1618-1686 |
| Subdivisión de forma | Catálogos razonados |
| 9 (RLIN) | 354 |
| 650 14 - PUNTO DE ACCESO ADICIONAL DE MATERIA--TÉRMINO DE MATERIA | |
| Término de materia o nombre geográfico como elemento de entrada | Pintura flamenca |
| Subdivisión cronológica | Siglo XVII |
| 9 (RLIN) | 355 |
| 700 1# - PUNTO DE ACCESO ADICIONAL--NOMBRE DE PERSONA | |
| Nombre de persona | Vargaslugo, Elisa |
| 9 (RLIN) | 356 |
| 942 ## - ELEMENTOS DE PUNTO DE ACCESO ADICIONAL (KOHA) | |
| Fuente del sistema de clasificación o colocación | Library of Congress Classification |
| Tipo de ítem Koha | Libros |
| Estado de retiro | Estado de pérdida | Estado dañado | No para préstamo | Localización permanente | Ubicación/localización actual | Fecha de adquisición | Total de préstamos | Signatura topográfica completa | Código de barras | Fecha visto por última vez | Precio válido a partir de | Tipo de ítem Koha | Fuente del sistema de clasificación o colocación | Código de colección |
|---|---|---|---|---|---|---|---|---|---|---|---|---|---|---|
| El ejemplar forma parte de la colección y puede ser consultado según las políticas vigentes. | Biblioteca del Museo Franz Mayer (Rogerio Casas-Alatriste) | Biblioteca del Museo Franz Mayer (Rogerio Casas-Alatriste) | 25/06/2008 | ND813.B6 .R63 2000 | 00087 | 22/03/2019 | 22/03/2019 | Libros | ||||||
| El ejemplar forma parte de la colección y puede ser consultado según las políticas vigentes. | Biblioteca del Museo Franz Mayer (Rogerio Casas-Alatriste) | Biblioteca del Museo Franz Mayer (Rogerio Casas-Alatriste) | 08/09/2023 | ND813.B6 .R63 2000 | CONT10214 | 08/09/2023 | 08/09/2023 | Libros | Library of Congress Classification | Fondo Contemporáneo |